Les arrêts du TZEN1 - Statistiques

Statistiques générales
  • Ce quiz a été pris 6 fois
  • Le résultat moyen est 7 sur 14
Statistiques - réponses
Arrêt % Correct
Corbeil-Essonnes Gare
100%
Lieusaint-Moissy Gare
100%
Université
83%
Carré des Arts
50%
Carré Trait d'Union
50%
Pointe Ringale
50%
Carré Allée Royale
33%
Carré Canal
33%
Chateau de la Barriere
33%
La Clef de Saint-Pierre
33%
Le Fresne
33%
Les Prés Hauts
33%
La Tour Maury
17%
Zola Gustave Courbet
0%
Aucun quiz correspondant
Distribution des résultats
% des personnes avec chaque résultat
Percentile par nombre de réponses
Votre historique - résultats
Vous n’avez pas pris ce quiz